Nihon shakaishi no kenkyū /

Saved in:
Bibliographic Details
Main Author: Wakamori, Tarō, 1915-1977.
Format: Book
Language:Japanese
Published: Tōkyō : Kōbundō, 1981.
Series:Wakamori, Tarō, 1915-1977. Works. 1980 ; 11.
Subjects:
Tags: Add Tag
No Tags, Be the first to tag this record!
LEADER 01193nam a2200325 a 4500
001 007714974-2
005 20024617115255.0
008 820408s1981 ja af b 000 0 jpn
010 |a 82140999 /AJ 
015 |a Ja82-9583 
020 |a 4335210116 :  |c Y4800 
035 0 |a ocm17025386 
040 |a DLC  |c DLC  |d WaU  |d *YNH*  |d CStRLIN 
050 0 |a HN723  |b .W242 1981 
100 1 |6 880-01  |a Wakamori, Tarō,  |d 1915-1977. 
245 1 0 |6 880-02  |a Nihon shakaishi no kenkyū /  |c [chosha Wakamori Tarō] 
260 |6 880-03  |a Tōkyō :  |b Kōbundō,  |c 1981. 
300 |a ix, 529 p., [1] leaf of plates :  |b ill. ;  |c 22 cm. 
490 1 |6 880-04  |a Wakamori Tarō chosakushū ;  |v 11 
504 |a Includes bibliographical references. 
651 0 |a Japan  |x Social conditions. 
650 0 |a Historiography. 
880 1 |6 100-01  |a 和歌森太郎,  |d 1915-1977. 
880 1 0 |6 245-02  |a 日本社会史の研究 /  |c [著者和歌森太郎] 
880 |6 260-03  |a 東京 :  |b 弘文堂,  |c 1981. 
880 1 |6 490-04  |a 和歌森太郎著作集 ;  |v 11 
800 1 |6 880-05  |a Wakamori, Tarō,  |d 1915-1977.  |t Works.  |f 1980 ;  |v 11. 
880 1 |6 800-05  |a 和歌森太郎,  |d 1915-1977.  |t Works.  |f 1980 ;  |v 11. 
988 |a 20021209 
906 |0 DLC